Acteurs de Harry Potter - Statistiques

Statistiques générales
  • Ce quiz a été pris 929 fois
  • Le résultat moyen est 17 sur 26
Statistiques - réponses
Hint Réponse % Correct
Daniel Radcliffe Harry Potter
100%
Emma Watson Hermione Granger
96%
Rupert Grint Ron Weasley
94%
Richard Harris/Michael Gambon Albus Dumbledore
92%
Alan Rickman Severus Rogue
91%
Tom Felton Drago Malefoy
89%
Maggie Smith Minerva McGonagall
89%
Bonnie Wright Ginny Weasley
86%
Matthew Lewis Neville Londubat
84%
Helena Bonham Carter Bellatrix Lestrange
83%
Ralph Fiennes Lord Voldemort
83%
Evanna Lynch Luna Lovegood
82%
Robbie Coltrane Rubeus Hagrid
82%
Gary Oldman Sirius Black
74%
Jason Isaacs Lucius Malefoy
64%
Clémence Poésy Fleur Delacour
59%
Katie Leung Cho Chang
57%
Emma Thompson Sibylle Trelawney
50%
Warwick Davis Filius Flitwick
41%
Devon Murray Seamus Finnigan
41%
Brendan Gleeson Alastor Maugrey/Fol oeil
36%
Mark Williams Arthur Weasley
35%
Keneth Branagh Gilderoy Lockhart
32%
Richard Griffits Vernon Dursley
32%
Timothy Spall Peter Pettigrow
26%
David Bradley Argus Rusard
23%
Aucun quiz correspondant
Distribution des résultats
% des personnes avec chaque résultat
Percentile par nombre de réponses
Votre historique - résultats
Vous n’avez pas pris ce quiz